SPEED CLICK - Statistics

General Stats
  • This quiz has been taken 53 times
  • The average score is 17 of 30
Answers on the Grid
Answers color-coded by a green-red scale on the quiz's grid according to % correct below.
A
A
A
A
A
A
A
A
A
A
A
A
A
A
A
A
A
A
A
A
A
A
A
A
A
A
A
A
A
A
B
B
B
B
B
B
B
B
B
B
B
B
B
B
B
B
B
B
B
B
B
B
B
B
B
B
B
B
B
B
 
Answer Stats
Answer % Correct
A
69%
A
65%
A
65%
A
62%
A
62%
A
62%
A
62%
A
62%
A
62%
A
62%
A
58%
A
58%
A
58%
A
58%
A
58%
A
58%
A
58%
A
58%
A
58%
A
58%
A
58%
A
58%
A
54%
A
54%
A
54%
A
54%
A
50%
A
50%
A
50%
A
42%
No matching quizzes found
Score Distribution
Percent of People with Each Score
Percentile by Number Answered
Your Score History
You have not taken this quiz